| 000 | 00760nac a22002171u 4500 | ||
|---|---|---|---|
| 010 | _a 73175715 | ||
| 020 | _a0397502931 | ||
| 082 | 0 | 0 |
_a616.0756 _bP18 |
| 090 |
_c3309 _d3309 |
||
| 100 | _aPalma, Anthony V. | ||
| 245 | 1 | 0 |
_aProcedures in clinical chemistry _c[by] Anthony V. Palma. |
| 260 |
_aPhiladelphia, _bLippincott _c[c1971] |
||
| 300 |
_ax, 109 p. _billus. _c21 cm. |
||
| 500 | _aDonations. | ||
| 500 | _aDonations - Bibliotheca Alexandrina. | ||
| 504 | _aIncludes bibliographies. | ||
| 650 | 0 |
_aClinical chemistry _xLaboratory manuals. |
|
| 700 | _aPalma, Anthony V. | ||
| 942 |
_cBB _k616.0756P18 |
||
| 999 |
_c3309 _d3309 |
||